[Event "Graz op-A"]
[Site "Graz"]
[Date "2016.02.19"]
[Round "9"]
[White "Plenca, Julian"]
[Black "Bao, Quang"]
[Result "1-0"]
[WhiteElo "2389"]
[BlackElo "2218"]
[PlyCount "77"]
[EventDate "2016.02.12"]
[EventType "swiss"]
[EventRounds "9"]
[EventCountry "AUT"]
[SourceTitle "CBM 170 Extra"]
[Source "ChessBase"]
[SourceDate "2016.02.25"]
[SourceVersion "1"]
[SourceVersionDate "2016.02.25"]
[SourceQuality "1"]

1. e4 e6 2. d4 d5 3. Nd2 dxe4 4. Nxe4 Bd7 5. Bg5 Be7 6. Bxe7 Qxe7 7. Qd2 Bc6 8. Nc3 Nf6 9. 0-0-0 Nbd7 10. f3 0-0-0 11. Qg5 Nd5 12. Qxe7 Nxe7 13. Nh3 Nf6 14. Ng5 Rhf8 15. Bc4 Ned5 16. Bxd5 Bxd5 17. Rhe1 h6 18. Nge4 Bc6 19. Nxf6 gxf6 20. Re3 Rg8 21. g3 h5 22. Ne2 h4 23. g4 Rg5 24. h3 e5 25. c4 b5 26. d5 Bb7 27. Nc3 bxc4 28. Re4 f5 29. Rxe5 f6 30. Rxf5 Rxf5 31. gxf5 Re8 32. Rd4 Re5 33. Rxh4 Rxf5 34. Rxc4 Rxf3 35. d6 c6 36. Rh4 Rd3 37. Rh8+ Kd7 38. Rh7+ Kc8 39. Ne4 1-0

[Event "Graz op-A"]
[Site "Graz"]
[Date "2016.02.16"]
[Round "6"]
[White "Bao, Quang"]
[Black "Plenca, Jadranko"]
[Result "1/2-1/2"]
[WhiteElo "2218"]
[BlackElo "2360"]
[PlyCount "60"]
[EventDate "2016.02.12"]
[EventType "swiss"]
[EventRounds "9"]
[EventCountry "AUT"]
[SourceTitle "CBM 170 Extra"]
[Source "ChessBase"]
[SourceDate "2016.02.25"]
[SourceVersion "1"]
[SourceVersionDate "2016.02.25"]
[SourceQuality "1"]

1. d4 d5 2. c4 dxc4 3. e4 e5 4. Nf3 Bb4+ 5. Bd2 Bxd2+ 6. Nbxd2 exd4 7. Bxc4 Qf6 8. 0-0 Ne7 9. Nb3 Nbc6 10. Nfxd4 0-0 11. Nxc6 Nxc6 12. Qc2 Ne5 13. Be2 Bd7 14. f4 Qb6+ 15. Kh1 Nc6 16. Rad1 Rad8 17. Nc5 Bc8 18. Qc3 Qb4 19. a3 Qxc3 20. bxc3 Rxd1 21. Rxd1 Rd8 22. Rxd8+ Nxd8 23. Kg1 b6 24. Nb3 Bb7 25. Bd3 Ne6 26. g3 Kf8 27. Kf2 Ke7 28. Ke3 h6 29. f5 Nd8 30. e5 c5 1/2-1/2

[Event "Graz op-A"]
[Site "Graz"]
[Date "2016.02.14"]
[Round "3"]
[White "Thakur, Akash"]
[Black "Bao, Quang"]
[Result "1/2-1/2"]
[WhiteElo "2369"]
[BlackElo "2218"]
[PlyCount "59"]
[EventDate "2016.02.12"]
[EventType "swiss"]
[EventRounds "9"]
[EventCountry "AUT"]
[SourceTitle "CBM 170 Extra"]
[Source "ChessBase"]
[SourceDate "2016.02.25"]
[SourceVersion "1"]
[SourceVersionDate "2016.02.25"]
[SourceQuality "1"]

1. e4 c5 2. Nf3 Nc6 3. Bb5 g6 4. Bxc6 dxc6 5. d3 Bg7 6. h3 Nf6 7. Nc3 Nd7 8. Be3 e5 9. Qd2 h6 10. a3 a5 11. 0-0 Qe7 12. Nh2 a4 13. b3 axb3 14. cxb3 h5 15. Rfc1 0-0 16. Na4 b6 17. Qc2 Ba6 18. Nf3 Rfd8 19. Ne1 Bf6 20. b4 Bb5 21. Nc3 cxb4 22. Nxb5 cxb5 23. axb4 Rxa1 24. Rxa1 Qxb4 25. Rb1 Qa5 26. Qb3 Be7 27. Qxb5 Qxb5 28. Rxb5 Ra8 29. Rd5 Ra7 30. g3 1/2-1/2

[Event "VIE-chT"]
[Site "Ho Chi Minh City"]
[Date "2015.07.21"]
[Round "6.18"]
[White "Le, Thanh Tai"]
[Black "Bao, Quang"]
[Result "1-0"]
[WhiteElo "1947"]
[BlackElo "2223"]
[PlyCount "129"]
[EventDate "2015.07.16"]
[EventType "team-swiss"]
[EventRounds "9"]
[EventCountry "VIE"]
[SourceTitle "EXT 2016"]
[Source "ChessBase"]
[SourceDate "2015.10.08"]
[SourceVersion "1"]
[SourceVersionDate "2015.10.08"]
[SourceQuality "1"]

1. d4 Nf6 2. c4 c5 3. d5 e5 4. Nc3 d6 5. e4 Nbd7 6. g3 h5 7. Bg5 Be7 8. Be2 g6 9. Qd2 a6 10. Nf3 Ng4 11. h3 Bxg5 12. Nxg5 Ngf6 13. f4 Qe7 14. 0-0-0 Nh7 15. Nf3 Kd8 16. Rhf1 f6 17. Nh4 Nhf8 18. f5 g5 19. Ng2 Qg7 20. Na4 Rb8 21. Ne1 Ke7 22. Nc3 Nb6 23. Nc2 Qf7 24. Qe3 Qe8 25. b4 Nfd7 26. a3 Qd8 27. Na1 Qc7 28. Qd3 Na8 29. Nb3 b5 30. Na5 bxc4 31. Qxc4 Nab6 32. Nc6+ Kf7 33. Qb3 Ra8 34. b5 c4 35. Bxc4 Nc5 36. Qa2 axb5 37. Nxb5 Qd7 38. Rfe1 Ra4 39. Bb3 Rxe4 40. Rxe4 Nxe4 41. Bc2 Nc5 42. a4 Ba6 43. a5 Nc8 44. Nc3 Ne7 45. Na4 Nb7 46. Nb6 Qc7 47. Bd3 Bxd3 48. Rxd3 Nxf5 49. Rc3 Kg7 50. Qc2 Nxa5 51. Nd4 Qxb6 52. Nxf5+ Kf7 53. Rc7+ Kf8 54. Rc8+ Kf7 55. Rxh8 Nb3+ 56. Kd1 Qg1+ 57. Ke2 Qg2+ 58. Kd3 Nc5+ 59. Kc3 Qf3+ 60. Kc4 Qf1+ 61. Kb4 Nd3+ 62. Kc3 e4 63. Kd4 Qg1+ 64. Ne3 Nc5 65. Qd1 1-0

[Event "VIE-chT"]
[Site "Ho Chi Minh City"]
[Date "2015.07.20"]
[Round "5.17"]
[White "Bao, Quang"]
[Black "Duong, Thuong Cong"]
[Result "0-1"]
[WhiteElo "2223"]
[BlackElo "2053"]
[PlyCount "56"]
[EventDate "2015.07.16"]
[EventType "team-swiss"]
[EventRounds "9"]
[EventCountry "VIE"]
[SourceTitle "EXT 2016"]
[Source "ChessBase"]
[SourceDate "2015.10.08"]
[SourceVersion "1"]
[SourceVersionDate "2015.10.08"]
[SourceQuality "1"]

1. e4 c5 2. Nf3 Nc6 3. d4 cxd4 4. Nxd4 Nf6 5. Nc3 d6 6. Bc4 a6 7. Nxc6 bxc6 8. e5 Nd7 9. e6 fxe6 10. Bxe6 Nf6 11. Bb3 d5 12. Bf4 e6 13. Ba4 Bd7 14. 0-0 Bc5 15. Ne2 0-0 16. c3 Ne4 17. Be3 Bxe3 18. fxe3 Rxf1+ 19. Qxf1 Qb6 20. Qc1 Rf8 21. Bc2 Nd6 22. b3 e5 23. Qd2 Bf5 24. Rf1 Bxc2 25. Rxf8+ Kxf8 26. Qxc2 Qxe3+ 27. Kh1 Ne4 28. h3 Qxe2 0-1

[Event "VIE-chT"]
[Site "Ho Chi Minh City"]
[Date "2015.07.17"]
[Round "2.1"]
[White "Nguyen, Huynh Minh Huy"]
[Black "Bao, Quang"]
[Result "1-0"]
[WhiteElo "2504"]
[BlackElo "2223"]
[PlyCount "127"]
[EventDate "2015.07.16"]
[EventType "team-swiss"]
[EventRounds "9"]
[EventCountry "VIE"]
[SourceTitle "EXT 2016"]
[Source "ChessBase"]
[SourceDate "2015.10.08"]
[SourceVersion "1"]
[SourceVersionDate "2015.10.08"]
[SourceQuality "1"]

1. d4 Nf6 2. c4 c5 3. d5 e5 4. Nc3 d6 5. g3 h5 6. h4 g6 7. Qa4+ Bd7 8. Qb3 Qb6 9. Qxb6 axb6 10. Bh3 Na6 11. Bg5 Be7 12. f3 Ng8 13. Bxd7+ Kxd7 14. Nh3 f6 15. Bd2 Nh6 16. 0-0-0 Nf5 17. Rdg1 Nd4 18. Rf1 Nc7 19. e3 Nf5 20. Rhg1 Rag8 21. Nf2 g5 22. hxg5 fxg5 23. g4 hxg4 24. Nxg4 Ne8 25. Ne4 Rg7 26. Kd1 Rh3 27. Ke2 Rf7 28. Be1 Rh8 29. Rh1 Nh4 30. Rh3 Ng7 31. b3 Ngf5 32. Rg1 Rhf8 33. Nh2 Rg7 34. Ng4 Rgf7 35. a4 Ng6 36. Bd2 Nfh4 37. Nh2 Rf5 38. Rhg3 Nh8 39. Nf2 R5f7 40. e4 N8g6 41. Nh3 Nf4+ 42. Bxf4 gxf4 43. Rg7 Bf6 44. Rxf7+ Rxf7 45. Ng4 Ke7 46. Rh1 Rh7 47. Nhf2 Rh8 48. Rb1 Ra8 49. Nd1 Ng6 50. Nc3 Bh4 51. b4 Rc8 52. bxc5 Rxc5 53. Kd3 Bg3 54. Rxb6 Nh4 55. Rxb7+ Kd8 56. Ke2 Rxc4 57. Rb3 Be1 58. Kxe1 Nxf3+ 59. Kd1 Nd4 60. Ra3 f3 61. Nf2 Rb4 62. Ra2 Rb3 63. Kd2 Kc8 64. Nb5 1-0

[Event "VIE-chT"]
[Site "Ho Chi Minh City"]
[Date "2012.09.26"]
[Round "8"]
[White "Pham, Chuong"]
[Black "Bao, Quang"]
[Result "1-0"]
[WhiteElo "2341"]
[BlackElo "2261"]
[PlyCount "140"]
[EventDate "2012.09.21"]
[EventType "team-tourn"]
[EventRounds "9"]
[EventCountry "VIE"]
[SourceTitle "CBM 150 Extra"]
[Source "ChessBase"]
[SourceDate "2012.10.19"]
[SourceVersion "1"]
[SourceVersionDate "2012.10.19"]
[SourceQuality "1"]

1. d4 d5 2. c4 c6 3. Nf3 Nf6 4. e3 Bg4 5. Nc3 e6 6. h3 Bh5 7. g4 Bg6 8. Ne5 Nbd7 9. h4 dxc4 10. Nxc4 h6 11. Bg2 Nd5 12. e4 Nxc3 13. bxc3 Qc7 14. Qf3 e5 15. 0-0 f6 16. Rb1 Nb6 17. Qe2 Bf7 18. d5 Bc5 19. Nxb6 Bxb6 20. Ba3 0-0-0 21. c4 Bd4 22. Bb2 Bc5 23. Qf3 Kb8 24. Ba3 Bd4 25. Rb3 c5 26. Rfb1 b6 27. Bb2 h5 28. Bxd4 exd4 29. g5 Qe5 30. a4 Kc7 31. a5 Rb8 32. axb6+ axb6 33. Ra3 Rb7 34. Ra6 Rhb8 35. Qa3 Kd8 36. Ra7 Rxa7 37. Qxa7 Qc7 38. Qa3 Qf4 39. Ra1 Be8 40. Qa7 Bd7 41. Ra3 Qc7 42. Qa6 Qf4 43. gxf6 gxf6 44. Rg3 Bg4 45. Qa7 Qc7 46. Qa4 Ke7 47. Bh3 Rg8 48. Qa3 Kf7 49. Bf1 Re8 50. Bd3 Re7 51. Kg2 Qf4 52. Qb2 Rb7 53. Qa2 Bd7 54. Qa8 Qb8 55. Qa1 Qf4 56. Qa6 Qb8 57. Qa2 Qf4 58. Qa3 Bg4 59. Qa6 Qb8 60. Bb1 Re7 61. Qb5 Be2 62. Qb3 Qf4 63. Qxb6 Qc1 64. e5 Qf1+ 65. Kh2 Qxf2+ 66. Rg2 Qf4+ 67. Kg1 Qe3+ 68. Kh1 Qc1+ 69. Kh2 Qf4+ 70. Kg1 d3 1-0

[Event "VIE-chT"]
[Site "Ho Chi Minh City"]
[Date "2012.09.23"]
[Round "4"]
[White "Nguyen, Van Hai"]
[Black "Bao, Quang"]
[Result "1-0"]
[WhiteElo "2314"]
[BlackElo "2261"]
[PlyCount "61"]
[EventDate "2012.09.21"]
[EventType "team-tourn"]
[EventRounds "9"]
[EventCountry "VIE"]
[SourceTitle "CBM 150 Extra"]
[Source "ChessBase"]
[SourceDate "2012.10.19"]
[SourceVersion "1"]
[SourceVersionDate "2012.10.19"]
[SourceQuality "1"]

1. d4 e6 2. e4 c5 3. d5 exd5 4. exd5 d6 5. c4 Nf6 6. Bd3 Be7 7. h3 0-0 8. Nf3 Ne8 9. Nc3 g6 10. Bh6 Ng7 11. 0-0 Re8 12. Re1 Bf5 13. Bf1 Na6 14. Qd2 Nb4 15. g4 Nc2 16. gxf5 Nxe1 17. Rxe1 Nxf5 18. Bf4 Bf6 19. Ne4 Bg7 20. Bg5 f6 21. Nxf6+ Bxf6 22. Rxe8+ Qxe8 23. Bxf6 Qe4 24. Qd3 Qe8 25. Ng5 Qf8 26. Bc3 Re8 27. Ne4 Nd4 28. Bxd4 cxd4 29. Qxd4 Re5 30. Bg2 Qf4 31. Qe3 1-0

[Event "Beijing zt 3.5"]
[Site "Beijing"]
[Date "2012.09.20"]
[Round "11"]
[White "Bao, Quang"]
[Black "Zhang, Xiaopeng"]
[Result "1/2-1/2"]
[WhiteElo "2113"]
[BlackElo "2119"]
[PlyCount "25"]
[EventDate "2012.09.15"]
[EventType "swiss"]
[EventRounds "11"]
[EventCountry "CHN"]
[SourceTitle "EXT 2013"]
[Source "ChessBase"]
[SourceDate "2012.11.22"]
[SourceVersion "1"]
[SourceVersionDate "2012.11.22"]
[SourceQuality "1"]

1. e4 c6 2. d4 d5 3. f3 dxe4 4. fxe4 e5 5. Nf3 Bg4 6. Bc4 Bh5 7. 0-0 Nf6 8. c3 Nbd7 9. Qb3 b5 10. Be2 exd4 11. cxd4 Be7 12. Ng5 Bf8 13. Nf3 1/2-1/2

[Event "VIE-ch"]
[Site "Da Lat"]
[Date "2011.03.21"]
[Round "3"]
[White "Bao, Quang"]
[Black "Bui, Vinh"]
[Result "1/2-1/2"]
[WhiteElo "2301"]
[BlackElo "2438"]
[PlyCount "121"]
[EventDate "2011.03.20"]
[EventType "swiss"]
[EventRounds "11"]
[EventCountry "VIE"]
[SourceTitle "CBM 141 Extra"]
[Source "ChessBase"]
[SourceDate "2011.05.03"]
[SourceVersion "1"]
[SourceVersionDate "2011.05.03"]
[SourceQuality "1"]

1. e4 c5 2. Nf3 e6 3. c4 d6 4. Nc3 Nf6 5. d4 cxd4 6. Nxd4 b6 7. f3 Bb7 8. Be3 a6 9. Be2 Nbd7 10. 0-0 Be7 11. Qb1 0-0 12. Rc1 Re8 13. Bf2 d5 14. cxd5 exd5 15. Nxd5 Nxd5 16. exd5 Bxd5 17. Qf5 Nf6 18. Rd1 g6 19. Qd3 Bc5 20. Bf1 Qd6 21. a3 b5 22. Qd2 Rad8 23. Qg5 Nh5 24. Kh1 Re5 25. Qc1 Bb7 26. b4 Bb6 27. Nc6 Qxd1 28. Qxd1 Rxd1 29. Rxd1 Bxc6 30. Bxb6 Rd5 31. Rc1 Rd6 32. Bc7 Re6 33. Kg1 Nf6 34. Kf2 Nd5 35. Bb8 Kf8 36. Ba7 Ke8 37. Bd4 Kd7 38. g3 Kc7 39. Bd3 Nb6 40. Bc5 Bd5 41. Bxb6+ Kxb6 42. Rc8 Rd6 43. Be2 Be6 44. Rc2 Bb3 45. Rc3 Be6 46. Ke3 h6 47. Bd3 Bd5 48. f4 Re6+ 49. Kd4 Bc6 50. f5 gxf5 51. Bxf5 Re2 52. h4 Rf2 53. Ke5 h5 54. Rd3 Kc7 55. Rc3 Kb6 56. Bc8 Bg2 57. g4 f6+ 58. Kd6 hxg4 59. Bxg4 f5 60. Bh5 Rf4 61. Bg6 1/2-1/2

[Event "VIE-chT"]
[Site "Hue"]
[Date "2008.08.17"]
[Round "4"]
[White "Bao, Quang"]
[Black "Le, Quang Long"]
[Result "1/2-1/2"]
[WhiteElo "2332"]
[BlackElo "2226"]
[PlyCount "122"]
[EventDate "2008.08.15"]
[EventType "team-swiss"]
[EventRounds "11"]
[EventCountry "VIE"]
[SourceTitle "EXT 2019"]
[Source "ChessBase"]
[SourceDate "2018.10.10"]
[SourceVersion "1"]
[SourceVersionDate "2018.10.10"]
[SourceQuality "1"]

1. c4 Nf6 2. Nc3 e5 3. d3 Nc6 4. e3 d5 5. cxd5 Nxd5 6. Nf3 Be7 7. Be2 0-0 8. 0-0 Be6 9. Qc2 Nb6 10. a3 a5 11. b3 f5 12. Bb2 Bf6 13. Rfe1 Qd7 14. Bf1 Rfd8 15. Rac1 Kh8 16. Nd2 Qf7 17. Nb5 Rd5 18. Nc3 Rd7 19. Nc4 Rad8 20. Nb1 Nd5 21. Nc3 Nb6 22. Qb1 Nd5 23. Nb5 Nde7 24. Qa1 Ng6 25. Bc3 Rd5 26. a4 b6 27. g3 Nb4 28. e4 fxe4 29. dxe4 R5d7 30. Red1 Nc6 31. Bb2 Bg5 32. Rxd7 Qxd7 33. Re1 Bf6 34. Qc1 Nb4 35. Qc3 Na2 36. Qe3 Nb4 37. Nba3 Bh3 38. Be2 Qe7 39. Rd1 Bg5 40. Rxd8+ Qxd8 41. Qc3 Nc6 42. Nc2 Bf6 43. Qd3 Qe8 44. N4e3 Nf4 45. gxf4 Qg6+ 46. Kh1 exf4 47. e5 fxe3 48. Qxg6 hxg6 49. exf6 exf2 50. fxg7+ Kh7 51. Ne3 Ne7 52. Bc4 c6 53. Bf6 b5 54. Bf1 Nd5 55. Bxh3 Nxe3 56. Bg5 f1Q+ 57. Bxf1 Nxf1 58. axb5 cxb5 59. Kg2 Nxh2 60. Kxh2 Kxg7 61. Kg3 a4 1/2-1/2

[Event "Da Nang"]
[Site "Da Nang"]
[Date "2008.06.16"]
[Round "8"]
[White "Bao, Quang"]
[Black "Nava, Roderick"]
[Result "0-1"]
[WhiteElo "2332"]
[BlackElo "2351"]
[PlyCount "84"]
[EventDate "2008.06.11"]
[EventType "tourn"]
[EventRounds "9"]
[EventCountry "VIE"]
[EventCategory "7"]
[SourceTitle "CBM 125 Extra"]
[Source "ChessBase"]
[SourceDate "2008.09.01"]
[SourceVersion "1"]
[SourceVersionDate "2008.09.01"]
[SourceQuality "1"]

1. c4 c5 2. Nc3 Nc6 3. g3 g6 4. Bg2 Bg7 5. d3 a6 6. Nf3 d6 7. 0-0 e5 8. Nd5 h6 9. Rb1 Nge7 10. a3 a5 11. Bd2 0-0 12. b4 axb4 13. axb4 Nxd5 14. cxd5 Nxb4 15. Bxb4 cxb4 16. Qb3 e4 17. dxe4 Bc3 18. e3 Bd7 19. Nd4 Ra3 20. Qc4 Qa5 21. Rfc1 Rc8 22. Qd3 Ra2 23. Qf1 Ra8 24. Bf3 Qd8 25. Be2 Qe7 26. Bc4 Rb2 27. Bd3 Qf6 28. Ne2 Raa2 29. Rxb2 Bxb2 30. Rb1 Ra3 31. Qd1 Ba4 32. Qd2 Bc3 33. Qc1 Ra2 34. Bc4 Rd2 35. Qf1 Bc2 36. Rc1 Bxe4 37. f4 b5 38. Bxb5 Bxd5 39. Qh3 Qe7 40. Qc8+ Kh7 41. Rxc3 Rd1+ 42. Kf2 Qe4 0-1

[Event "Da Nang"]
[Site "Da Nang"]
[Date "2008.06.15"]
[Round "7"]
[White "Elorta, David"]
[Black "Bao, Quang"]
[Result "1-0"]
[WhiteElo "2409"]
[BlackElo "2332"]
[PlyCount "111"]
[EventDate "2008.06.11"]
[EventType "tourn"]
[EventRounds "9"]
[EventCountry "VIE"]
[EventCategory "7"]
[SourceTitle "CBM 125 Extra"]
[Source "ChessBase"]
[SourceDate "2008.09.01"]
[SourceVersion "1"]
[SourceVersionDate "2008.09.01"]
[SourceQuality "1"]

1. d4 Nf6 2. Bg5 d5 3. Nf3 e6 4. c4 Be7 5. Nc3 0-0 6. e3 b6 7. cxd5 exd5 8. Ne5 Bb7 9. Bd3 Ne4 10. Bxe7 Qxe7 11. 0-0 Nd7 12. Nxd7 Qxd7 13. Rc1 Rac8 14. b4 f5 15. Qa4 Qxa4 16. Nxa4 Nd6 17. Rfe1 c6 18. Nc3 b5 19. a4 a6 20. a5 Rcd8 21. Ne2 Nc4 22. h4 Bc8 23. Nf4 Rfe8 24. g3 g6 25. Kg2 Kf7 26. Bb1 Kf6 27. Nd3 Bd7 28. Ba2 Re7 29. Red1 h6 30. Rh1 Rde8 31. Nc5 Bc8 32. Bxc4 bxc4 33. Kf3 Ra7 34. Ke2 Rae7 35. Kd2 Kg7 36. Rce1 Rf7 37. f3 Ref8 38. Re2 Rf6 39. Rhe1 g5 40. hxg5 hxg5 41. e4 fxe4 42. fxe4 Rf2 43. e5 Bg4 44. Rxf2 Rxf2+ 45. Kc1 Bf5 46. Re3 Bc8 47. e6 Rf1+ 48. Kd2 Rf2+ 49. Ke1 Rf8 50. Kd2 Kf6 51. Re5 Rh8 52. Kc3 Ke7 53. b5 cxb5 54. Rxd5 Rh3 55. Kb4 Rxg3 56. Ne4 1-0

[Event "VIE-chT Super"]
[Site "Hanoi"]
[Date "2008.03.01"]
[Round "5"]
[White "Bao, Quang"]
[Black "Nguyen, Ha Phuong"]
[Result "1-0"]
[WhiteElo "2300"]
[BlackElo "1770"]
[PlyCount "69"]
[EventDate "2008.02.24"]
[EventType "team-tourn"]
[EventRounds "5"]
[EventCountry "VIE"]
[SourceTitle "EXT 2019"]
[Source "ChessBase"]
[SourceDate "2018.10.10"]
[SourceVersion "1"]
[SourceVersionDate "2018.10.10"]
[SourceQuality "1"]

1. d4 d5 2. Nf3 Nf6 3. e3 e6 4. Bd3 c6 5. 0-0 Bd6 6. c4 0-0 7. Nc3 Nbd7 8. e4 dxe4 9. Nxe4 Nxe4 10. Bxe4 Nf6 11. Bc2 c5 12. Bg5 Be7 13. Qd3 g6 14. Rad1 Nd7 15. h4 Re8 16. dxc5 Bxg5 17. hxg5 Qa5 18. a3 Qxc5 19. Ba4 Re7 20. b4 Qc7 21. Rfe1 b6 22. Nh2 Nf8 23. Ng4 Bb7 24. Qc3 e5 25. Nxe5 Ne6 26. Ng4 Ng7 27. Nf6+ Kh8 28. Qh3 Nh5 29. Qc3 Ng7 30. Rxe7 Qxe7 31. Rd7 Qe6 32. Rxb7 Rd8 33. Rd7 Rxd7 34. Bxd7 Qe2 35. Ne8 1-0

[Event "VIE-chT Super"]
[Site "Hanoi"]
[Date "2008.02.25"]
[Round "2"]
[White "Bao, Quang"]
[Black "Nguyen, Thanh Nghia"]
[Result "1-0"]
[WhiteElo "2300"]
[BlackElo "2208"]
[PlyCount "97"]
[EventDate "2008.02.24"]
[EventType "team-tourn"]
[EventRounds "5"]
[EventCountry "VIE"]
[SourceTitle "EXT 2019"]
[Source "ChessBase"]
[SourceDate "2018.10.10"]
[SourceVersion "1"]
[SourceVersionDate "2018.10.10"]
[SourceQuality "1"]

1. Nf3 d5 2. g3 Nf6 3. Bg2 g6 4. 0-0 Bg7 5. d3 0-0 6. Nbd2 c6 7. e4 dxe4 8. dxe4 Nfd7 9. Qe2 Qc7 10. Rd1 c5 11. c3 Nc6 12. Nf1 e5 13. Ne3 Ne7 14. Nd2 b6 15. a4 Bb7 16. Ndc4 Rad8 17. Nd6 Bc6 18. Nec4 Nc8 19. Nb5 Qb8 20. Bg5 Bf6 21. h4 Rfe8 22. Ne3 Kg7 23. Ng4 h5 24. Rxd7 hxg4 25. Bxf6+ Kxf6 26. Rxd8 Rxd8 27. Qxg4 Kg7 28. c4 Bxb5 29. axb5 Nd6 30. b3 Ne8 31. Qe2 Nf6 32. Bf3 Qb7 33. g4 Rd4 34. g5 Ne8 35. Re1 Qd7 36. Bg4 Qd8 37. Ra1 Nd6 38. f3 Nc8 39. Ra2 Qc7 40. Kg2 Rd8 41. Bxc8 Rxc8 42. Rd2 Rd8 43. Rd5 f6 44. Qd2 Rxd5 45. gxf6+ Kxf6 46. Qg5+ Kf7 47. exd5 Qd6 48. Kf2 Ke8 49. Ke3 1-0

[Event "VIE-chT"]
[Site "Da Lat"]
[Date "2007.08.25"]
[Round "5"]
[White "Pham, Chuong"]
[Black "Bao, Quang"]
[Result "1/2-1/2"]
[WhiteElo "2348"]
[BlackElo "2332"]
[PlyCount "21"]
[EventDate "2007.08.22"]
[EventType "team-swiss"]
[EventRounds "11"]
[EventCountry "VIE"]
[SourceTitle "EXT 2023"]
[Source "ChessBase"]
[SourceDate "2022.10.05"]
[SourceVersion "1"]
[SourceVersionDate "2022.10.05"]
[SourceQuality "1"]

1. d4 Nf6 2. Nf3 g6 3. c4 Bg7 4. g3 0-0 5. Bg2 d6 6. 0-0 c6 7. Nc3 Nbd7 8. e4 Qc7 9. h3 e5 10. Be3 Re8 11. Qc2 1/2-1/2

[Event "VIE-ch"]
[Site "Hue"]
[Date "2007.04.11"]
[Round "9"]
[White "To, Quoc Khanh"]
[Black "Bao, Quang"]
[Result "1/2-1/2"]
[WhiteElo "2277"]
[BlackElo "2333"]
[PlyCount "23"]
[EventDate "2007.04.03"]
[EventType "swiss"]
[EventRounds "9"]
[EventCountry "VIE"]
[SourceTitle "EXT 2023"]
[Source "ChessBase"]
[SourceDate "2022.10.05"]
[SourceVersion "1"]
[SourceVersionDate "2022.10.05"]
[SourceQuality "1"]

1. e4 c5 2. Nf3 d6 3. Nc3 a6 4. a4 Nf6 5. Bc4 e6 6. 0-0 Be7 7. d3 0-0 8. e5 dxe5 9. Nxe5 Nbd7 10. Bf4 Nxe5 11. Bxe5 Bd7 12. Qe2 1/2-1/2

[Event "VIE-ch"]
[Site "Hue"]
[Date "2007.04.05"]
[Round "3"]
[White "Bao, Quang"]
[Black "Phung, Nguyen Tuong Minh"]
[Result "1-0"]
[WhiteElo "2333"]
[BlackElo "2176"]
[PlyCount "81"]
[EventDate "2007.04.03"]
[EventType "swiss"]
[EventRounds "9"]
[EventCountry "VIE"]
[SourceTitle "EXT 2023"]
[Source "ChessBase"]
[SourceDate "2022.10.05"]
[SourceVersion "1"]
[SourceVersionDate "2022.10.05"]
[SourceQuality "1"]

1. e4 d6 2. d4 g6 3. Nc3 Bg7 4. Be3 Nf6 5. f3 a6 6. Qd2 b5 7. Bh6 Bxh6 8. Qxh6 Bb7 9. 0-0-0 Nbd7 10. h4 e5 11. Nge2 Qe7 12. Qe3 Nb6 13. d5 Nfd7 14. g4 h5 15. g5 0-0 16. Ng3 Rfd8 17. Be2 c6 18. dxc6 Bxc6 19. Nd5 Bxd5 20. exd5 Rac8 21. Ne4 Nc4 22. Bxc4 bxc4 23. Qa7 a5 24. a3 Kf8 25. Qxa5 Nc5 26. Nxc5 Rxc5 27. Qc3 Kg8 28. Rhe1 Qd7 29. Re4 Rdc8 30. f4 Qg4 31. Qe3 exf4 32. Rxf4 Qd7 33. Re4 Qb5 34. Qd4 Qa5 35. Rde1 Qa8 36. Re7 Rf8 37. R1e6 Kh7 38. Rxg6 Kxg6 39. Qf6+ Kh7 40. Qh6+ Kg8 41. g6 1-0